| 000 | 00730nam a2200289Ia 4500 | ||
|---|---|---|---|
| 008 | 181129s9999 xx 000 0 und d | ||
| 020 | _a9780545567510 | ||
| 050 | _bM648 2006 | ||
| 100 | _aMiller, Kirsten | ||
| 245 | 0 | _aInside the shadow city / | |
| 245 | 0 | _cby Kirsten Miller. | |
| 260 | _aNew York, NY : | ||
| 260 | _bScholastic, | ||
| 260 | _c2006 | ||
| 300 | _a387 pages : | ||
| 300 | _billustrations ; | ||
| 300 | _c19cm. | ||
| 440 | _aKiki strike. | ||
| 650 | _aCrime -- | ||
| 650 | _aFantasy fiction. | ||
| 650 | _aGirl scouts. | ||
| 650 | _aIdentity (Philosophical concept). | ||
| 650 | _aUnderground areas. | ||
| 650 | _xNew York (State) -- New York. | ||
| 700 | _aSeries. | ||
| 700 | _aTitle. | ||
| 999 |
_c360302 _d360302 |
||